00837 2200301 4500001002100000005001500021035002000036007000300056040001700059100003100076245004500107250001200152300003400164504002400198041000800222082001000230084001600240090002100256264003900277336002100316337003000337338002300367650001200390700005800402850001000460008004100470990002400511INLIS00000000000752620260602094246 a0010-0922000015ta aSBPUPADbind0 aHetti RestiantiePengarang1 aMembuat Aneka Keripik /cHetti Restianti a.-Cet.1 a52 hlm :bilus. ;c21 x 14 cm aBibliografi, hlm 5207aind a641.7 a641.7 HET m a641.7 HET m 20-9 a.--Jakarta :bPutra Mandiri,c2009 2rdacontentateks 2rdamediaatanpa perantara 2rdacarrieravolume 4aMakanan0 aPenyunting, Tim Editor Sarana Ilmu PustakaePengarang aPUPAD260602 0  a671/S/KAPD/PDG/2012